Economics & agriculture / (Record no. 3116)
[ view plain ]
| 000 -LEADER | |
|---|---|
| fixed length control field | 00776nam a2200265 a 4500 |
| 001 - CONTROL NUMBER | |
| control field | 3116 |
| 003 - CONTROL NUMBER IDENTIFIER | |
| rucl marc code | BD-RjUL |
| 005 - DATE AND TIME OF LATEST TRANSACTION | |
| control field | 20211208233659.0 |
| 008 - FIXED-LENGTH DATA ELEMENTS--GENERAL INFORMATION | |
| fixed length control field | 131218r19611958enka 001 0 eng d |
| 020 ## - INTERNATIONAL STANDARD BOOK NUMBER | |
| International Standard Book Number | 0710017960 |
| 035 ## - SYSTEM CONTROL NUMBER | |
| System control number | (BD-RjUL)3150 |
| -- | CURL 020000062466(Edi) from gmsc210 |
| 040 ## - CATALOGING SOURCE | |
| Original cataloging agency | BD-RjUL |
| Language of cataloging | eng |
| Transcribing agency | BD-RjUL |
| 041 ## - LANGUAGE CODE | |
| Language code of text/sound track or separate title | eng |
| 082 ## - DEWEY DECIMAL CLASSIFICATION NUMBER | |
| Classification number | 338.108 |
| Author mark and year | MAE 1961 |
| 100 1# - MAIN ENTRY--PERSONAL NAME | |
| Personal name | Martin, Anne. |
| 9 (RLIN) | 9873 |
| 245 10 - TITLE STATEMENT | |
| Title | Economics & agriculture / |
| Statement of responsibility, etc. | Anne Martin |
| 246 3# - VARYING FORM OF TITLE | |
| Title proper/short title | Economics and agriculture |
| 260 ## - PUBLICATION, DISTRIBUTION, ETC. (IMPRINT) | |
| Place of publication, distribution, etc. | London : |
| Name of publisher, distributor, etc. | Routledge & Kegan Paul, |
| Date of publication, distribution, etc. | c1958 [impression 1968]. |
| 300 ## - PHYSICAL DESCRIPTION | |
| Pagination | viii, 169 p. : |
| Illustrations | ill. ; |
| Size | 23 cm. |
| 504 ## - BIBLIOGRAPHY, ETC. NOTE | |
| Bibliography, etc | Includes index. |
| 650 #0 - SUBJECT ADDED ENTRY--TOPICAL TERM | |
| Topical term or geographic name as entry element | Agriculture |
| General subdivision | Economic aspects |
| 9 (RLIN) | 9874 |
| 942 ## - ADDED ENTRY ELEMENTS (KOHA) | |
| Source of classification or shelving scheme | Dewey Decimal Classification |
| Koha item type | Books |
| Lost status | Source of classification or shelving scheme | Damaged status | Not for loan | Collection code | Permanent Location | Current Location | Shelving location | Date acquired | Source of acquisition | Cost, normal purchase price | Total Checkouts | Full call number | Date last seen | Copy number | Koha item type |
|---|---|---|---|---|---|---|---|---|---|---|---|---|---|---|---|
| Dewey Decimal Classification | Non-fiction | Central Library, University of Rajshahi | Central Library, University of Rajshahi | 15/06/1963 | Zeitlinger | 21.00 | 338.108 MAE 1961 | 18/12/2013 | C-4 | Books | |||||
| Dewey Decimal Classification | Non-fiction | Central Library, University of Rajshahi | Central Library, University of Rajshahi | 15/06/1963 | Zeitlinger | 21.00 | 338.108 MAE 1961 | 18/12/2013 | C-6 | Books | |||||
| Dewey Decimal Classification | Non-fiction | Central Library, University of Rajshahi | Central Library, University of Rajshahi | 15/06/1963 | Zeitlinger | 21.00 | 338.108 MAE 1961 | 18/12/2013 | C-7 | Books | |||||
| Dewey Decimal Classification | Non-fiction | Central Library, University of Rajshahi | Central Library, University of Rajshahi | 18/03/1963 | Zeitlinger | 21.00 | 338.108 MAE 1961 | 18/12/2013 | C-3 | Books | |||||
| Dewey Decimal Classification | Non-fiction | Central Library, University of Rajshahi | Central Library, University of Rajshahi | 19/12/2013 | 338.108 MAE 1968 | 19/12/2013 | C-8 | Books | |||||||
| Dewey Decimal Classification | Non-fiction | Central Library, University of Rajshahi | Central Library, University of Rajshahi | 18/03/1963 | Zeitlinger | 21.00 | 338.108 MAE 1958 | 27/06/2016 | C-2 | Books | |||||
| Dewey Decimal Classification | Not For Loan | Non-fiction | Central Library, University of Rajshahi | Central Library, University of Rajshahi | Reading Room | 18/10/1962 | Sweets & Zeilinger | 21.00 | 338.108 MAE 1961 | 29/12/2016 | C-1 | Books |